00520nam a2200157Ia 450000500170000000800410001704100080005808200160006610000290008224500320011126000370014330000090018065000220018999900190021195201320023020250729165731.0250729s2011 xx 000 0 und d aeng a370.15 SALM aSalahuddin Ahmed9231687 aMuslims Life in the Present aNewdelhibA P H PUBLISHINGc2011 a121p aEducation9231688 c239406d239406 00104070aALbALd2025-07-29eManagement Booksg595.00l0o370.15 SALMpBED04725r2025-07-29 16:57:31v595.00w2025-07-29yBK